Responses for Show #4428 - Wednesday, December 3, 2003

Game data retrieved from an alternate archive.

Contestants

[<< previous game]

Lillie Salsberry, a librarian from Baton Rouge, Louisiana

Tom Parker, a documentary filmmaker from Providence, Rhode Island

Robert Morgan, a high school teacher from San Juan Capistrano, California (whose 1-day cash winnings total $23,500)

[next game >>]

Jeopardy! Round responses

THE CIVIL WAR
'70s HITS
2 MUCH
"DEF" JAM
TAILS
OF THE SOUTH PACIFIC
    $200 1
Fort Sumter

Robert
    $200 6
Leroy Brown

Tom
    $200 26
the quarter

Robert
    $200 21
a deficit

Robert
    $200 16
a dalmatian

Robert
    $200 8
a hydrogen bomb

Robert
    $1,000 2
Texas

Robert
    $400 7
"Do Ya Think I'm Sexy?"

Robert
    $400 27
Almond Joy

Triple Stumper
    $400 22
defamation

Tom
    $400 17
a rattlesnake

Robert
    $400 9
(Tom: What is Krakatoa?)
(Robert: What is Java?)

Hawaii

RobertTom
Triple Stumper
    $600 3
Gettysburg

Robert
    $600 13
James Taylor

Triple Stumper
    $600 28
2000 (MM)

Lillie
    $600 23
defoliants

Robert
    $600 18
the peacock

Tom
    $600 10
Tahiti

Robert
    $800 4
Farragut

Robert
    $800 14
(Robert: Who is Diana Ross?)

Roberta Flack

RobertLillie
    $800 29
the equal sign

Tom
    $800 24
a defibrillator

Robert
    $800 19
a rhinoceros

Tom
    $800 11
Easter Island

Robert
    $1000 5
Manassas

Tom
    $1000 15
"Hot Child In The City"

Triple Stumper
    $1000 30
Andorra

Tom
    $1000 25
Defender of the Faith

Robert
    $1000 20
(Robert: What is a Chevy?)

Cadillac

RobertTom
    $1000 12
Melanesia

Lillie

Scores at the first commercial break (after clue 15):

Robert Tom Lillie
$3,400 $800 $1,800

Scores at the end of the Jeopardy! Round:

Robert Tom Lillie
$5,800 $5,400 $2,400

Double Jeopardy! Round responses

PSYCHOLOGY
KENNEDY CENTER HONORS DANCERS
THE KING IS DEAD
GRAB BAG
1880s LIT
12-LETTER WORDS
    $400 18
a complex

Robert
    $400 16
Fred Astaire

Lillie
    $400 1
King Hussein

Robert
    $400 6
the NAACP

Robert
    $400 11
(Robert: What is Mark Twain?)

The Adventures of Huckleberry Finn

RobertLillie
    $400 25
acquaintance

Robert
    $800 19
(Lillie: Who is Freud?)

Carl Jung

TomLillie
    $800 17
(Lillie: Who is Bob Hope?)

Sammy Davis, Jr

Lillie
Triple Stumper
    $800 2
(Robert: Who is
Richard II?)

Richard III

RobertTom
    $800 7
Paul McCartney

Triple Stumper
    $800 12
Heidi

Lillie
    $800 26
multitasking

Robert
    $1200 20
paranoid

Tom
    $1200 23
Gene Kelly

Lillie
    $1200 3
Ferdinand

Robert
    $1200 8
a pendulum

Triple Stumper
    $1200 13
Emma Lazarus

Triple Stumper
    $1,000 27
(Robert: I don't know.)

astronomical

Robert
    $1600 21
anxiety

Triple Stumper
    $1600 24
Mikhail Baryshnikov

Robert
    $1,000 4
(Robert: Who is Solomon?)

Herod the Great

Robert
    $1600 9
weave

Robert
    $1600 14
Jose Marti

Triple Stumper
    $1600 29
assimilation

Triple Stumper
    $2000 22
(Robert: What is disorder?)
(Tom: What is displacement?)

dissonance

RobertTom
Triple Stumper
    $2000 30
Maria Tallchief

Lillie
    $2000 5
(Tom: Who is Macbeth?)
(Lillie: Who is Duncan?)

Robert the Bruce

TomLillie
Triple Stumper
    $2000 10
Audi

Tom
    $2000 15
(Tom: Who is Hugo?)

Emile Zola

Tom
Triple Stumper
    $2000 28
(Robert: What is glaciation?)

interglacial

Robert
Triple Stumper

Scores at the end of the Double Jeopardy! Round:

Robert Tom Lillie
$5,400 $4,200 $3,600

[wagering suggestions for these scores]

Final Jeopardy! Round responses

NOTABLE NAMES
LillieWho was Father Flanagan?
$900
TomWho is Cooke?
$4,100
RobertWho is Pershing?
$4,200
Lord Baden-Powell

Final scores:

Robert Tom Lillie
$1,200 $100 $2,700
2nd place: $2,000 3rd place: $1,000 New champion: $2,700

Game dynamics:

Coryat scores:

Robert Tom Lillie
$6,800 $4,200 $3,600
23 R
(including 1 DD),
9 W
(including 2 DDs)
12 R,
4 W
8 R,
3 W

Combined Coryat: $14,600

[game clues] [game scores] [suggest correction]

Game tape date: 2003-09-03
The J! Archive is created by fans, for fans. Scraping, republication, monetization, and malicious use prohibited; this site may use cookies and collect identifying information. See terms. The Jeopardy! game show and all elements thereof, including but not limited to copyright and trademark thereto, are the property of Jeopardy Productions, Inc. and are protected under law. This website is not affiliated with, sponsored by, or operated by Jeopardy Productions, Inc. Join the discussion at JBoard.tv.